[Event "Gibraltar Masters 2014"]
[Site "Caleta ENG"]
[Date "2014.01.28"]
[Round "1.73"]
[White "Weinstein, S."]
[Black "Docx, S."]
[Result "0-1"]
[WhiteElo "2025"]
[BlackElo "2468"]
[PlyCount "66"]
[EventDate "2014.01.28"]

1. d4 Nf6 2. c4 c5 3. d5 e6 4. Nc3 exd5 5. cxd5 d6 6. Nf3 g6 7. Bf4 Bg7 8. h3
O-O 9. e3 Na6 10. Be2 Nc7 11. a4 Re8 12. O-O Ne4 13. Nxe4 Rxe4 14. Nd2 Rxf4 15.
exf4 Nxd5 16. Ne4 Nxf4 17. Bf3 Bxb2 18. Qxd6 Qxd6 19. Nxd6 Bxa1 20. Rxa1 Be6
21. Bxb7 Rd8 22. Nb5 a5 23. Bf3 Rd2 24. Nc3 c4 25. Ra2 Rd3 26. Rc2 Nxh3+ 27.
Kf1 Nf4 28. Be4 Rd4 29. g3 Nd3 30. Ke2 Nc5 31. Bc6 h5 32. Bb5 Rd3 33. Nd1 Bg4+
0-1

[Event "Gibraltar Masters 2014"]
[Site "Caleta ENG"]
[Date "2014.01.28"]
[Round "1.74"]
[White "Paehtz, E."]
[Black "Perdomo Araujo, Angel Eduardo"]
[Result "1-0"]
[WhiteElo "2458"]
[BlackElo "2018"]
[PlyCount "85"]
[EventDate "2014.01.28"]

1. Nf3 d5 2. c4 e6 3. g3 Nf6 4. b3 Be7 5. Bg2 O-O 6. Bb2 c5 7. O-O Nbd7 8. e3
b6 9. Nc3 Bb7 10. d3 a6 11. Qe2 Qc7 12. Rac1 dxc4 13. bxc4 Bc6 14. a4 Rab8 15.
Rfe1 Rfd8 16. e4 Ba8 17. h3 h6 18. Nd1 b5 19. axb5 axb5 20. cxb5 Rxb5 21. Ne3
Rdb8 22. Ba1 Qa7 23. Nc4 Nb6 24. Nfd2 Nfd7 25. Nxb6 Qxb6 26. Nc4 Qc7 27. Qa2
Bc6 28. Qc2 Ra8 29. Rb1 Rxb1 30. Rxb1 h5 31. Qe2 h4 32. gxh4 Bxh4 33. Bxg7 Qf4
34. Bc3 Kf8 35. Na5 Rb8 36. Rxb8+ Nxb8 37. Qb2 f6 38. Bd2 Qc7 39. Qc3 Bg5 40.
Qxc5+ Qe7 41. Qb6 Qe8 42. Qc5+ Kg8 43. Nxc6 1-0

[Event "Gibraltar Masters 2014"]
[Site "Caleta ENG"]
[Date "2014.01.28"]
[Round "1.75"]
[White "Hamer, M."]
[Black "Pardo Simon, D."]
[Result "0-1"]
[WhiteElo "2016"]
[BlackElo "2451"]
[PlyCount "76"]
[EventDate "2014.01.28"]

1. Nf3 d6 2. d4 g6 3. c4 Bg7 4. g3 Nf6 5. Bg2 O-O 6. O-O Nc6 7. Nc3 a6 8. b3
Rb8 9. Nd5 Bg4 10. Nxf6+ Bxf6 11. Bb2 Qc8 12. Qd2 e5 13. dxe5 dxe5 14. Rfd1 Qf5
15. Qe3 Rfe8 16. Rd5 Nb4 17. Rc1 Nxd5 18. cxd5 Bxf3 19. Qxf3 Qxf3 20. Bxf3 Kg7
21. Rxc7 e4 22. Bxf6+ Kxf6 23. Bg2 Rec8 24. Rxc8 Rxc8 25. Bxe4 Ke5 26. Bd3 f5
27. f4+ Kxd5 28. Kf2 Kd4 29. h4 h5 30. a4 Rc7 31. b4 Kc3 32. b5 a5 33. b6 Rc6
34. Bb5 Rxb6 35. Be8 Kd2 36. Bf7 Rd6 37. Kf3 b5 38. axb5 a4 0-1

[Event "Gibraltar Masters 2014"]
[Site "Caleta ENG"]
[Date "2014.01.28"]
[Round "1.76"]
[White "Guo Qi"]
[Black "Goncalves, Jose Antonio Silvei"]
[Result "1-0"]
[WhiteElo "2451"]
[BlackElo "1999"]
[PlyCount "35"]
[EventDate "2014.01.28"]

1. d4 Nf6 2. Nf3 e6 3. c4 b6 4. g3 Ba6 5. Qa4 Be7 6. Bg2 Bb7 7. O-O O-O 8. Rd1
Qc8 9. Bf4 c5 10. dxc5 Qxc5 11. Be3 Qc7 12. Nc3 Bc6 13. Qc2 b5 14. cxb5 Bxb5
15. Bf4 Qc8 16. e4 Rd8 17. e5 Ne8 18. Ng5 1-0

[Event "Gibraltar Masters 2014"]
[Site "Caleta ENG"]
[Date "2014.01.28"]
[Round "1.77"]
[White "Kenney, David"]
[Black "Zhukova, N."]
[Result "0-1"]
[WhiteElo "2000"]
[BlackElo "2449"]
[PlyCount "34"]
[EventDate "2014.01.28"]

1. d4 d5 2. Nf3 Nf6 3. e3 c5 4. c3 e6 5. Bd3 Bd6 6. Nbd2 Nc6 7. O-O O-O 8. Qe2
e5 9. dxe5 Nxe5 10. Nxe5 Bxe5 11. Nf3 Bc7 12. b3 Bg4 13. h3 Bh5 14. Bb2 Ne4 15.
Rad1 Ng5 16. c4 Nxf3+ 17. gxf3 Qd6 0-1

[Event "Gibraltar Masters 2014"]
[Site "Caleta ENG"]
[Date "2014.01.28"]
[Round "1.78"]
[White "Akesson, R."]
[Black "Eman, Lennart"]
[Result "1-0"]
[WhiteElo "2447"]
[BlackElo "2011"]
[PlyCount "59"]
[EventDate "2014.01.28"]

1. d4 Nf6 2. Nf3 g6 3. c4 Bg7 4. Nc3 d5 5. cxd5 Nxd5 6. e4 Nxc3 7. bxc3 O-O 8.
Be3 c5 9. Rc1 Qa5 10. Qd2 Rd8 11. d5 Nd7 12. c4 Qxd2+ 13. Nxd2 b6 14. Be2 Bb7
15. O-O h5 16. f4 Bc8 17. e5 Nf8 18. h3 e6 19. d6 Bb7 20. Bf3 Bxf3 21. Rxf3 Nd7
22. Rg3 Kh7 23. Ne4 Bh6 24. Rf3 Kg8 25. Rcf1 Rab8 26. g4 hxg4 27. hxg4 Rf8 28.
g5 Bg7 29. Nf6+ Bxf6 30. exf6 1-0

[Event "Gibraltar Masters 2014"]
[Site "Caleta ENG"]
[Date "2014.01.28"]
[Round "1.80"]
[White "Sachdev, T."]
[Black "Reppen, E."]
[Result "1-0"]
[WhiteElo "2442"]
[BlackElo "1995"]
[PlyCount "65"]
[EventDate "2014.01.28"]

1. d4 Nf6 2. c4 c5 3. d5 b5 4. cxb5 a6 5. f3 d6 6. e4 g6 7. Nc3 Bg7 8. Be3 Nbd7
9. Nh3 O-O 10. Be2 Ne8 11. O-O axb5 12. Bxb5 Nc7 13. Be2 Ba6 14. Rc1 Qb8 15. b3
Qb4 16. Bd2 Qd4+ 17. Nf2 f5 18. Bxa6 Rxa6 19. Ne2 Qf6 20. Bc3 Qf7 21. Bxg7 Qxg7
22. Qd2 fxe4 23. fxe4 Qe5 24. Nc3 Nf6 25. Qe2 Rb6 26. Nd3 Qd4+ 27. Kh1 Rbb8 28.
Rfd1 Nh5 29. e5 Qh4 30. Kg1 Rf5 31. Qe4 Qxe4 32. Nxe4 dxe5 33. g4 1-0

[Event "Gibraltar Masters 2014"]
[Site "Caleta ENG"]
[Date "2014.01.28"]
[Round "1.81"]
[White "Spanton, T."]
[Black "Munguntuul, B."]
[Result "0-1"]
[WhiteElo "1995"]
[BlackElo "2438"]
[PlyCount "58"]
[EventDate "2014.01.28"]

1. d4 d5 2. Nf3 Nf6 3. Bf4 c6 4. e3 Qb6 5. Qc1 Nh5 6. Bg5 h6 7. Bh4 g5 8. Bg3
Nxg3 9. hxg3 Bg7 10. Bd3 Nd7 11. c3 e5 12. Bf5 e4 13. Nfd2 Qa6 14. Qc2 Nc5 15.
dxc5 Bxf5 16. Nb3 O-O 17. Qe2 Qxe2+ 18. Kxe2 b6 19. Na3 Rfb8 20. Rab1 Bf8 21.
Nd4 Bd7 22. cxb6 axb6 23. Ndc2 c5 24. Ra1 b5 25. Rhc1 Bg7 26. Kd2 b4 27. Nb1
bxc3+ 28. Nxc3 Rxb2 29. Nxd5 Ba4 0-1

[Event "Gibraltar Masters 2014"]
[Site "Caleta ENG"]
[Date "2014.01.28"]
[Round "1.82"]
[White "Kohlweyer, B."]
[Black "Jacobsen, Fredrik Beer"]
[Result "1-0"]
[WhiteElo "2437"]
[BlackElo "1991"]
[PlyCount "59"]
[EventDate "2014.01.28"]

1. d4 Nf6 2. c4 e6 3. Nc3 c5 4. d5 exd5 5. cxd5 d6 6. Nf3 g6 7. Qa4+ Bd7 8. Qb3
b6 9. e4 Bg7 10. Bc4 Ng4 11. Bf4 Qe7 12. O-O O-O 13. Rad1 Kh8 14. h3 Ne5 15.
Bxe5 Bxe5 16. Nxe5 Qxe5 17. f4 Qe7 18. e5 dxe5 19. d6 Qe8 20. Nd5 Ba4 21. Qc3
Bxd1 22. Rxd1 Nc6 23. Nc7 Qd7 24. fxe5 Nd4 25. Rxd4 cxd4 26. Qxd4 Kg8 27. e6
Qc6 28. Bd5 Qc1+ 29. Kh2 Rac8 30. Qe5 1-0

[Event "Gibraltar Masters 2014"]
[Site "Caleta ENG"]
[Date "2014.01.28"]
[Round "1.83"]
[White "Mehringer, Joerg"]
[Black "Georgiadis, N."]
[Result "0-1"]
[WhiteElo "1961"]
[BlackElo "2436"]
[PlyCount "120"]
[EventDate "2014.01.28"]

1. e4 c5 2. Nc3 Nc6 3. g3 g6 4. Bg2 Bg7 5. Nge2 e6 6. O-O Nge7 7. d3 O-O 8. Be3
Nd4 9. Rb1 d6 10. Nf4 Rb8 11. Nce2 b5 12. c3 Nxe2+ 13. Nxe2 Qa5 14. a3 Qc7 15.
Qd2 Rd8 16. d4 d5 17. e5 b4 18. f4 cxd4 19. cxd4 Qb6 20. axb4 Qxb4 21. Qxb4
Rxb4 22. Bd2 Rb8 23. Bc3 Ba6 24. Kf2 Nc6 25. Rfd1 Bf8 26. Bf1 Bb4 27. Ra1 Bc4
28. Rd2 Bxc3 29. bxc3 Rb3 30. Rc2 Rdb8 31. Ke1 Bd3 32. Rcc1 Rb2 33. Rd1 Bc4 34.
Rd2 Rxd2 35. Kxd2 Rb2+ 36. Ke1 a5 37. h4 h5 38. Nc1 Bxf1 39. Kxf1 Rc2 40. Ne2
Kf8 41. Ke1 Ke8 42. Rb1 Kd8 43. Kd1 Ra2 44. Nc1 Rg2 45. Ne2 Rh2 46. Kd2 Kc7 47.
Kd3 Na7 48. Rb2 a4 49. c4 Nc6 50. cxd5 exd5 51. Ke3 Rg2 52. Rc2 a3 53. Kd2 Kb6
54. Kc3 Kb5 55. Rd2 Nb4 56. Kb3 a2 57. Nc3+ Ka5 58. Rd1 Rxg3 59. Kb2 Rf3 60.
Rd2 Rxc3 0-1

[Event "Gibraltar Masters 2014"]
[Site "Caleta ENG"]
[Date "2014.01.28"]
[Round "1.84"]
[White "Javakhishvili, L."]
[Black "Khachatourian, Y."]
[Result "1-0"]
[WhiteElo "2430"]
[BlackElo "1955"]
[PlyCount "79"]
[EventDate "2014.01.28"]

1. d4 Nf6 2. c4 g6 3. Nc3 Bg7 4. e4 d6 5. h3 O-O 6. Nf3 Nbd7 7. Bg5 c6 8. Be2
Qc7 9. O-O e5 10. d5 Nc5 11. Nd2 a5 12. b3 Ne8 13. a3 f5 14. exf5 Bxf5 15. b4
axb4 16. axb4 Rxa1 17. Qxa1 Nd3 18. g4 Nf4 19. Bxf4 exf4 20. gxf5 Qe7 21. Bf3
Bd4 22. Qc1 Rxf5 23. Bg2 Nf6 24. dxc6 bxc6 25. Nf3 Ba7 26. b5 Nd7 27. bxc6 Ne5
28. Qd1 Nxc6 29. Nd5 Qg7 30. Qa4 Nd4 31. Nxd4 Bxd4 32. Qe8+ Rf8 33. Qe4 Be5 34.
Re1 Qa7 35. Bf3 Qa5 36. Ne7+ Kg7 37. Nc6 Qc3 38. Nxe5 Re8 39. Qb7+ Kf6 40. Ng4+
1-0

[Event "Gibraltar Masters 2014"]
[Site "Caleta ENG"]
[Date "2014.01.28"]
[Round "1.85"]
[White "Lochte, S."]
[Black "Trent, L."]
[Result "0-1"]
[WhiteElo "1951"]
[BlackElo "2424"]
[PlyCount "68"]
[EventDate "2014.01.28"]

1. d4 Nf6 2. Nf3 g6 3. Bg5 Bg7 4. e3 d6 5. Nbd2 O-O 6. Bd3 Qe8 7. O-O e5 8.
dxe5 dxe5 9. e4 h6 10. Be3 Qe7 11. h3 Nc6 12. c3 Nh5 13. Re1 Rd8 14. Qc2 a5 15.
a4 Be6 16. Rad1 Kh8 17. Bc4 Bxc4 18. Nxc4 Qe6 19. b3 Nf6 20. Bc1 b6 21. Ne3 Bf8
22. Nc4 Rac8 23. Ba3 Bxa3 24. Nxa3 g5 25. Nc4 g4 26. hxg4 Nxg4 27. Nh4 Rg8 28.
Rd3 Ne7 29. Qd2 Qf6 30. Nf5 Nxf5 31. exf5 Rcd8 32. Ne3 Qg5 33. g3 e4 34. Rd4
Ne5 0-1

[Event "Gibraltar Masters 2014"]
[Site "Caleta ENG"]
[Date "2014.01.28"]
[Round "1.86"]
[White "Mikkelsen, N."]
[Black "Bucknell, M."]
[Result "1-0"]
[WhiteElo "2423"]
[BlackElo "1944"]
[PlyCount "79"]
[EventDate "2014.01.28"]

1. e4 c6 2. Nc3 d5 3. Nf3 Bg4 4. h3 Bxf3 5. Qxf3 e6 6. Be2 Nd7 7. O-O Ngf6 8.
d4 dxe4 9. Nxe4 Nxe4 10. Qxe4 Nf6 11. Qe3 Qc7 12. c4 Be7 13. b3 a6 14. Bb2 O-O
15. Rfd1 Rfe8 16. Rac1 Rad8 17. Bf3 Bd6 18. Rc2 Bf4 19. Qe1 Nd7 20. Re2 Bh6 21.
Qc3 f6 22. Rde1 Kf7 23. b4 a5 24. a3 axb4 25. axb4 Rc8 26. Qb3 e5 27. c5+ Kf8
28. d5 cxd5 29. Bxd5 g6 30. Qf3 Kg7 31. Bxb7 Rb8 32. c6 Nf8 33. b5 Qb6 34. Rxe5
Rxe5 35. Rxe5 Kh8 36. Qxf6+ Bg7 37. Re7 Bxf6 38. Bxf6+ Kg8 39. Rg7+ Kh8 40.
Rxg6# 1-0

[Event "Gibraltar Masters 2014"]
[Site "Caleta ENG"]
[Date "2014.01.28"]
[Round "1.87"]
[White "Henrichsen, J."]
[Black "Roeder, M."]
[Result "0-1"]
[WhiteElo "1945"]
[BlackElo "2423"]
[PlyCount "110"]
[EventDate "2014.01.28"]

1. d4 Nf6 2. c4 e6 3. Nf3 d5 4. Nc3 Nbd7 5. Bg5 c6 6. e3 Qa5 7. Nd2 dxc4 8.
Bxf6 Nxf6 9. Nxc4 Qc7 10. Bd3 Be7 11. O-O O-O 12. Rc1 Rd8 13. Qe2 Bd7 14. Rfd1
Be8 15. Bb1 Rac8 16. Kh1 c5 17. dxc5 Qxc5 18. Rxd8 Bxd8 19. Rd1 Nd5 20. Nxd5
Qxc4 21. Qxc4 Rxc4 22. Nf4 Bf6 23. b3 Rc7 24. Be4 a5 25. h3 Be7 26. g3 g6 27.
Kg2 Kf8 28. Rd2 b5 29. h4 Bd7 30. Nd3 Bd6 31. Nf4 Ke7 32. Rc2 Rxc2 33. Bxc2
Bc6+ 34. Kf1 e5 35. Nh3 h6 36. Ng1 Bb4 37. Ke2 e4 38. Nh3 Kd6 39. Nf4 Bc3 40.
Kd1 Kc5 41. Ne2 Be5 42. Kc1 Kb4 43. Bd1 Ka3 44. Kb1 Bd5 45. Nd4 Bxd4 46. exd4
a4 47. Bc2 f5 48. Bd1 g5 49. hxg5 hxg5 50. Be2 axb3 51. axb3 b4 52. Bc4 Bxc4
53. bxc4 f4 54. gxf4 gxf4 55. c5 e3 0-1

[Event "Gibraltar Masters 2014"]
[Site "Caleta ENG"]
[Date "2014.01.28"]
[Round "1.88"]
[White "Fenollar Jorda, M."]
[Black "Andersen, Dani"]
[Result "1-0"]
[WhiteElo "2419"]
[BlackElo "1940"]
[PlyCount "67"]
[EventDate "2014.01.28"]

1. d4 e6 2. Nf3 f5 3. Bg5 Nf6 4. Nbd2 d5 5. Ne5 Be7 6. e3 O-O 7. Bd3 b6 8. O-O
Bb7 9. Qe2 Nfd7 10. Bxe7 Qxe7 11. Nxd7 Nxd7 12. f4 c5 13. c3 Nf6 14. Nf3 c4 15.
Bc2 b5 16. a3 a5 17. Qd2 Ne4 18. Bxe4 dxe4 19. Ne5 Bd5 20. g4 Rfb8 21. Qe2 Rc8
22. Kh1 b4 23. axb4 axb4 24. gxf5 Rxa1 25. Rxa1 bxc3 26. bxc3 exf5 27. Ra5 Qe6
28. Qb2 g5 29. Qg2 Kh8 30. Qxg5 Rg8 31. Qh4 Qb6 32. Ra1 Qb2 33. Qf6+ Rg7 34.
Ra8+ 1-0

[Event "Gibraltar Masters 2014"]
[Site "Caleta ENG"]
[Date "2014.01.28"]
[Round "1.89"]
[White "Agbabishvili, Lali"]
[Black "Valsecchi, A."]
[Result "1/2-1/2"]
[WhiteElo "1939"]
[BlackElo "2418"]
[PlyCount "123"]
[EventDate "2014.01.28"]

1. c4 c5 2. Nf3 g6 3. Nc3 Bg7 4. d4 cxd4 5. Nxd4 Nc6 6. Nc2 Bxc3+ 7. bxc3 Qa5
8. Bd2 Nf6 9. f3 d6 10. e4 g5 11. Ne3 Rg8 12. Qc2 Ne5 13. Rb1 Qc7 14. Nd5 Nxd5
15. cxd5 b6 16. Be3 Bd7 17. Bd4 h5 18. Be2 Ng6 19. O-O h4 20. Qd2 f6 21. Kh1
Rg7 22. Bb5 Bxb5 23. Rxb5 Qc4 24. Rbb1 Kf7 25. Rfe1 Nf4 26. Rbd1 Rag8 27. h3
Rc8 28. Rb1 Rgg8 29. Rb3 Rc7 30. Be3 Ng6 31. Qe2 Rgc8 32. Qxc4 Rxc4 33. Bd4 Nf4
34. Ra3 R8c7 35. Rb3 Ke8 36. Kg1 Ra4 37. a3 Kd7 38. Kf1 Nd3 39. Ra1 Kc8 40. Ke2
Nf4+ 41. Kf1 Nd3 42. Ke2 Rxd4 43. cxd4 Nc1+ 44. Rxc1 Rxc1 45. f4 Rc2+ 46. Kf3
Kb7 47. fxg5 fxg5 48. Rd3 b5 49. e5 a5 50. g4 hxg3 51. Kxg3 b4 52. axb4 axb4
53. Kg4 Rc3 54. Rd1 Kb6 55. Kxg5 Rxh3 56. Kf5 Kb5 57. Ke6 Kc4 58. exd6 exd6 59.
Kxd6 Ra3 60. Rb1 Ra2 61. Kc7 Kxd5 62. Rxb4 1/2-1/2

[Event "Gibraltar Masters 2014"]
[Site "Caleta ENG"]
[Date "2014.01.28"]
[Round "1.90"]
[White "Aloma Vidal, R."]
[Black "Krokay, U."]
[Result "1-0"]
[WhiteElo "2416"]
[BlackElo "1926"]
[PlyCount "29"]
[EventDate "2014.01.28"]

1. d4 Nf6 2. c4 e6 3. g3 d5 4. Nf3 Be7 5. Bg2 O-O 6. O-O c5 7. cxd5 Nxd5 8. e4
Nb4 9. a3 Qa5 10. dxc5 Rd8 11. Bd2 N8c6 12. Qb3 Bxc5 13. axb4 Qb6 14. Na3 Nxb4
15. Nc4 1-0

[Event "Gibraltar Masters 2014"]
[Site "Caleta ENG"]
[Date "2014.01.28"]
[Round "1.91"]
[White "Jorgensen, L."]
[Black "Houska, Jo"]
[Result "0-1"]
[WhiteElo "1925"]
[BlackElo "2414"]
[PlyCount "74"]
[EventDate "2014.01.28"]

1. d4 d5 2. c4 c6 3. cxd5 cxd5 4. Nc3 Nf6 5. Nf3 Nc6 6. Bg5 Ne4 7. Bh4 Qb6 8.
Qb3 Qxb3 9. axb3 e6 10. e3 Bb4 11. Rc1 Na5 12. Bb5+ Kf8 13. Ke2 Nxb3 14. Rc2 f6
15. Ba4 Bxc3 16. bxc3 Na5 17. Nd2 Nxd2 18. Rxd2 Ke7 19. f3 Bd7 20. Ra1 Bxa4 21.
Rxa4 Nc4 22. Rc2 a5 23. Kd3 b5 24. Ra1 Kd7 25. Be1 h5 26. Rca2 Kc6 27. Rc1 g5
28. Rca1 f5 29. Rc1 Rhe8 30. f4 Rg8 31. fxg5 Rxg5 32. Bg3 Rag8 33. Rcc2 Rxg3
34. hxg3 Rxg3 35. Rf2 Rxe3+ 36. Kc2 b4 37. cxb4 axb4 0-1

[Event "Gibraltar Masters 2014"]
[Site "Caleta ENG"]
[Date "2014.01.28"]
[Round "1.92"]
[White "Teran Alvarez, I."]
[Black "Bajer, R."]
[Result "1-0"]
[WhiteElo "2412"]
[BlackElo "1914"]
[PlyCount "67"]
[EventDate "2014.01.28"]

1. c4 Nf6 2. g3 g6 3. Bg2 c5 4. Nc3 Bg7 5. a3 Nc6 6. Rb1 a5 7. d3 O-O 8. Bg5 h6
9. Bxf6 Bxf6 10. Ne4 d6 11. Nxf6+ exf6 12. Nf3 Bd7 13. O-O f5 14. d4 Qe7 15.
Qd2 Kg7 16. Rfd1 Rad8 17. e3 b6 18. Qc3 f6 19. Rd2 Bc8 20. Nh4 Bb7 21. d5 Ne5
22. f4 Nd7 23. e4 fxe4 24. Re1 Rfe8 25. Rde2 Nf8 26. Bxe4 Qc7 27. Qd3 Qf7 28.
Bxg6 Nxg6 29. Nxg6 Rxe2 30. Rxe2 Rd7 31. f5 Bc8 32. g4 Rc7 33. a4 h5 34. h3 1-0

[Event "Gibraltar Masters 2014"]
[Site "Caleta ENG"]
[Date "2014.01.28"]
[Round "1.93"]
[White "Othman, Mustapha"]
[Black "Lund, E."]
[Result "1/2-1/2"]
[WhiteElo "1905"]
[BlackElo "2410"]
[PlyCount "58"]
[EventDate "2014.01.28"]

1. e4 e6 2. d4 d5 3. Nd2 Nc6 4. c3 e5 5. Ngf3 exd4 6. exd5 Qxd5 7. Bc4 Qf5 8.
O-O Be6 9. Re1 O-O-O 10. Bxe6+ fxe6 11. cxd4 Nf6 12. Qa4 Bd6 13. Nc4 Rhf8 14.
Be3 Nd5 15. Rac1 a6 16. Nxd6+ Rxd6 17. Rc5 Ncb4 18. Rd1 Nd3 19. Rc2 N5f4 20.
Qa3 Qg6 21. Bxf4 Nxf4 22. Rxc7+ Kxc7 23. Rc1+ Rc6 24. Rxc6+ bxc6 25. Qe7+ Kb6
26. Qc5+ Kb7 27. Qe7+ Kb6 28. Qb4+ Kc7 29. Qe7+ Kb6 1/2-1/2

[Event "Gibraltar Masters 2014"]
[Site "Caleta ENG"]
[Date "2014.01.28"]
[Round "1.94"]
[White "Tari, A."]
[Black "Zachariassen, J."]
[Result "1-0"]
[WhiteElo "2408"]
[BlackElo "1894"]
[PlyCount "107"]
[EventDate "2014.01.28"]

1. d4 g6 2. e4 Bg7 3. Nc3 d6 4. Be3 c6 5. Qd2 Nd7 6. O-O-O Qc7 7. h4 h5 8. f3
b5 9. Nce2 Nb6 10. Qa5 Qb7 11. Nc3 a6 12. Nh3 Nf6 13. Nf4 Rb8 14. e5 Nfd5 15.
Ncxd5 cxd5 16. exd6 exd6 17. Qe1 O-O 18. Kb1 Re8 19. Qf2 Bf5 20. Bd3 Qd7 21.
Rhg1 Bxd3 22. Rxd3 b4 23. Bc1 a5 24. g4 hxg4 25. Rxg4 Qf5 26. Rg5 Qf6 27. Rg1
Qf5 28. h5 g5 29. Ne2 Bh6 30. Qh2 Kh7 31. Qxd6 Nc4 32. Qh2 a4 33. Ng3 Qe6 34.
Qf2 f5 35. f4 g4 36. b3 Nd6 37. Re3 Ne4 38. Nxe4 dxe4 39. bxa4 Qd5 40. Rb3 Rec8
41. Rd1 Rc3 42. Qh4 Rc7 43. Qf6 Rg7 44. c4 Qd7 45. Rg1 Qc8 46. d5 Rbb7 47. c5
Rbf7 48. Qd4 Rg8 49. Qxb4 Rc7 50. c6 Bf8 51. Qd4 Bd6 52. Qf6 Bf8 53. Bb2 Bh6
54. d6 1-0

[Event "Gibraltar Masters 2014"]
[Site "Caleta ENG"]
[Date "2014.01.28"]
[Round "1.95"]
[White "Machlik, Jon"]
[Black "Savina, A."]
[Result "0-1"]
[WhiteElo "1891"]
[BlackElo "2402"]
[PlyCount "56"]
[EventDate "2014.01.28"]

1. e4 c5 2. Nf3 Nc6 3. d4 cxd4 4. Nxd4 e5 5. Nb5 d6 6. N1c3 a6 7. Na3 b5 8. Nd5
Nce7 9. c4 Nxd5 10. cxd5 Be7 11. Nc2 Nf6 12. f3 Bd7 13. Be3 O-O 14. Qd2 Qb8 15.
Bd3 Bd8 16. Qf2 Ba5+ 17. b4 Bc7 18. O-O Qb7 19. Bg5 Bb6 20. Ne3 Nh5 21. Be7 Nf4
22. Qd2 Bh3 23. gxh3 Qxe7 24. Kh1 Bxe3 25. Qxe3 Rac8 26. Rg1 Rc3 27. Rad1 h5
28. Rg3 g6 0-1

[Event "Gibraltar Masters 2014"]
[Site "Caleta ENG"]
[Date "2014.01.28"]
[Round "1.96"]
[White "Zude, A."]
[Black "Roser, Ludwig"]
[Result "1-0"]
[WhiteElo "2400"]
[BlackElo "1882"]
[PlyCount "55"]
[EventDate "2014.01.28"]

1. e4 d6 2. d4 e5 3. Nf3 exd4 4. Nxd4 g6 5. Nc3 Bg7 6. Be3 Bd7 7. Qd2 Nc6 8.
O-O-O a6 9. f3 Nxd4 10. Bxd4 Bh6 11. f4 f6 12. Nd5 Bc6 13. g3 Bxd5 14. exd5 Qd7
15. Qb4 c5 16. dxc6 Qxc6 17. Bh3 Kf7 18. Rhe1 Bf8 19. Be6+ Kg7 20. Bd5 Qb5 21.
Qc3 Qd7 22. Re6 Be7 23. Rde1 Rc8 24. Rxe7+ Qxe7 25. Rxe7+ Nxe7 26. Bxf6+ Kf8
27. Bxe7+ Kxe7 28. Qg7+ 1-0

[Event "Gibraltar Masters 2014"]
[Site "Caleta ENG"]
[Date "2014.01.28"]
[Round "1.97"]
[White "Bjorn, Lasse E"]
[Black "Kuipers, S."]
[Result "0-1"]
[WhiteElo "1879"]
[BlackElo "2399"]
[PlyCount "112"]
[EventDate "2014.01.28"]

1. d4 d6 2. e4 g6 3. c4 Bg7 4. Nc3 Nd7 5. Be3 c6 6. Be2 a6 7. a4 a5 8. Nf3 Ngf6
9. h3 e5 10. dxe5 dxe5 11. Qd6 Bf8 12. Qd2 Bb4 13. Bd3 O-O 14. O-O Re8 15. Bc2
Qc7 16. Ne1 Nc5 17. f3 Be6 18. Qe2 Nh5 19. Qf2 Na6 20. c5 Nf4 21. Nd3 Nxd3 22.
Bxd3 Qe7 23. Bxa6 Rxa6 24. Na2 Bxa2 25. Rxa2 Rd8 26. Raa1 Rd3 27. Kh2 Qd7 28.
Qe2 Ra8 29. Rac1 Kg7 30. f4 exf4 31. Bxf4 Re8 32. Bd6 Rd2 33. Qf3 Qe6 34. e5
Rxb2 35. Qf6+ Qxf6 36. Rxf6 Re6 37. Rxe6 fxe6 38. Rf1 Rc2 39. Rf6 b5 40. Bf8+
Kg8 41. Bh6 Bxc5 42. axb5 cxb5 43. Rxe6 a4 44. Ra6 Kf7 45. e6+ Kf6 46. h4 Re2
47. Bg5+ Kf5 48. Rc6 Bb4 49. Kh3 h5 50. Rb6 Re5 51. Bh6 a3 52. Bg7 Rd5 53. Kg3
Rd3+ 54. Kh2 Bd6+ 55. g3 b4 56. Kg2 Kxe6 0-1

[Event "Gibraltar Masters 2014"]
[Site "Caleta ENG"]
[Date "2014.01.28"]
[Round "1.98"]
[White "Nakar, Ey"]
[Black "Nilsen, Martin"]
[Result "1/2-1/2"]
[WhiteElo "2398"]
[BlackElo "1878"]
[PlyCount "90"]
[EventDate "2014.01.28"]

1. e4 e6 2. d3 d5 3. Qe2 dxe4 4. dxe4 e5 5. Nf3 Nc6 6. c3 Nf6 7. Qc2 Bd6 8. Bg5
Be6 9. Bb5 Qd7 10. Nbd2 h6 11. Bxf6 gxf6 12. Nh4 a6 13. Be2 Ne7 14. Bc4 Qc6 15.
Bb3 Bc5 16. Rf1 O-O-O 17. O-O-O Ng6 18. Ndf3 Qb6 19. Bxe6+ Qxe6 20. Kb1 Qg4 21.
h3 Qe6 22. Nf5 Nf4 23. N3h4 Qb6 24. Rxd8+ Rxd8 25. Nxh6 Qb5 26. Rd1 Rxd1+ 27.
Qxd1 Bxf2 28. N4f5 Kb8 29. Ng4 Bc5 30. Nxf6 Qc6 31. Nd7+ Ka7 32. Nxc5 Qxc5 33.
Qf1 Qc6 34. Qf3 Qb5 35. h4 Qd7 36. g3 Ne6 37. h5 Nc5 38. h6 Nxe4 39. Kc2 Qd2+
40. Kb1 Qe1+ 41. Kc2 Qd2+ 42. Kb3 Qd5+ 43. Kc2 Qd2+ 44. Kb3 Qd5+ 45. Kc2 Qd2+
1/2-1/2

[Event "Gibraltar Masters 2014"]
[Site "Caleta ENG"]
[Date "2014.01.28"]
[Round "1.99"]
[White "Densing, G."]
[Black "Milliet, S."]
[Result "0-1"]
[WhiteElo "1875"]
[BlackElo "2391"]
[PlyCount "128"]
[EventDate "2014.01.28"]

1. d4 Nf6 2. Nf3 c5 3. e3 g6 4. b3 Bg7 5. Bb2 Ne4 6. Bd3 d5 7. Nbd2 Nxd2 8.
Qxd2 Nc6 9. Ne5 Nxe5 10. dxe5 O-O 11. O-O Qc7 12. f4 c4 13. bxc4 dxc4 14. Be4
Bd7 15. Bd4 Bc6 16. Bxc6 Qxc6 17. c3 b5 18. Rfb1 Rfb8 19. Rb2 Bf8 20. g4 e6 21.
Qg2 Qxg2+ 22. Kxg2 Ba3 23. Rc2 a5 24. Rb1 Rb7 25. Kf3 Rc8 26. h4 Kf8 27. h5 Ke7
28. hxg6 hxg6 29. Rh1 b4 30. cxb4 axb4 31. Bb2 Bxb2 32. Rxb2 b3 33. axb3 cxb3
34. Rhb1 Rcb8 35. Ke4 Rb4+ 36. Kd3 Rd8+ 37. Ke2 Rdb8 38. Kd3 g5 39. fxg5 Rxg4
40. Rxb3 Rd8+ 41. Ke2 Rxg5 42. Rb7+ Rd7 43. Rxd7+ Kxd7 44. Rb7+ Ke8 45. Rb5 Kf8
46. Kf3 Kg7 47. Kf4 Rh5 48. Rb8 Rh4+ 49. Kf3 Ra4 50. e4 Ra1 51. Rb2 Rf1+ 52.
Ke3 Rg1 53. Rf2 Rg5 54. Kf4 Rg1 55. Rf3 Re1 56. Rg3+ Kf8 57. Ra3 Rh1 58. Ra8+
Kg7 59. Ra3 Rh4+ 60. Kg5 Rxe4 61. Ra5 Re1 62. Kf4 Rf1+ 63. Ke4 Rh1 64. Ra3 Rh4+
0-1

[Event "Gibraltar Masters 2014"]
[Site "Caleta ENG"]
[Date "2014.01.28"]
[Round "1.100"]
[White "Tseitlin, Ma"]
[Black "Knudsen, JesW"]
[Result "0-1"]
[WhiteElo "2389"]
[BlackElo "1874"]
[PlyCount "90"]
[EventDate "2014.01.28"]

1. e4 d5 2. exd5 Nf6 3. d4 Nxd5 4. Nf3 Bg4 5. Be2 Nc6 6. O-O Qd6 7. Nc3 Nxc3 8.
bxc3 O-O-O 9. Rb1 f6 10. c4 e5 11. d5 Bxf3 12. Bxf3 Nd4 13. Bg4+ f5 14. Bh3 g6
15. Be3 Qa3 16. Qd2 Nc6 17. c3 Na5 18. Qe2 Bc5 19. Bd2 Qxa2 20. Rfe1 Nxc4 21.
Bg5 Qxe2 22. Rxe2 Rxd5 23. g4 h6 24. Bg2 e4 25. Bf6 Rh7 26. gxf5 gxf5 27. Kh1
Rhd7 28. Bh3 Rd1+ 29. Rxd1 Rxd1+ 30. Kg2 Rd5 31. Rxe4 Nd6 32. Rh4 Rd2 33. Rf4
Rxf2+ 34. Rxf2 Bxf2 35. Be5 Be1 36. Bxd6 cxd6 37. Bxf5+ Kc7 38. c4 a5 39. Bc2
Kc6 40. Kf1 Bc3 41. Ke2 Kc5 42. Kd3 Be5 43. h3 Kb4 44. Bb1 a4 45. Ba2 Ka3 0-1

[Event "Gibraltar Masters 2014"]
[Site "Caleta ENG"]
[Date "2014.01.28"]
[Round "1.101"]
[White "Gravett, A."]
[Black "Bellon Lopez, JuM"]
[Result "0-1"]
[WhiteElo "1872"]
[BlackElo "2383"]
[PlyCount "62"]
[EventDate "2014.01.28"]

1. g3 e5 2. Bg2 d5 3. Nf3 Nc6 4. d3 Nf6 5. O-O Bg4 6. c3 Qd7 7. b4 a6 8. a4 e4
9. dxe4 dxe4 10. Qxd7+ Nxd7 11. Ng5 Bxe2 12. Re1 Bd3 13. Nxe4 O-O-O 14. Ng5 Bg6
15. b5 Na5 16. Nd2 h6 17. Ngf3 Bc5 18. Bf1 Nf6 19. bxa6 Ng4 20. Bh3 f5 21. Ne4
Bb6 22. Bxg4 fxg4 23. Ne5 Bxe4 24. Rxe4 Rd1+ 25. Kg2 Re8 26. axb7+ Kxb7 27. Rb1
Nc6 28. Nd7 Rxe4 29. Nc5+ Kc8 30. Nxe4 Ne5 31. Nd2 Nd3 0-1